Chile: agricultores y nuevas tecnologías de información

Saved in:
Bibliographic Details
Main Authors: Nagel Amaro, José Raimundo (autor), Martínez V., Camilo (Author)
Format: Book
Language:Spanish
Published: Santiago ODEPA 2006
Subjects:
Tags: Add Tag
No Tags, Be the first to tag this record!

MARC

LEADER 00000nam a2200000 a 4500
001 UCI0883
003 CL-VaPUC
005 20230427110053.0
008 070601e20060000CL |||||||||||||||||spa|d
999 |c 325856  |d 325854 
020 |a 9567244219 
040 |c Pontificia Universidad Católica de Valparaíso 
082 0 4 |a 307.72  |b NAG  |2 21 
100 |a Nagel Amaro, José Raimundo  |e autor  |9 595027 
245 1 0 |a Chile: agricultores y nuevas tecnologías de información 
260 |a Santiago  |b ODEPA  |c 2006 
300 |a 136 p 
583 |a last modification  |c 20160914 12:56:58  |k Rodrigo Vera 
650 7 |a Vida rural  |2 CL-VaPUC  |9 264560  |x Agricultores 
650 0 |a Sociedad de la información  |9 254825  |x Brecha digital 
651 7 |a Chile  |2 CL-VaPUC  |9 521064 
700 0 |a Martínez V., Camilo  |e author  |9 521063 
942 |c BK  |2 ddc 
945 |d 20070601 00:00:00  |a jtorresc 
952 |0 0  |1 0  |4 0  |6 307_720000000000000_NAG_2006  |7 0  |8 A  |9 407312  |a BIBAGR  |b BIBAGR  |d 2019-11-22  |i 4335244  |o 307.72 NAG 2006  |p 4335244  |r 2025-01-20  |w 2019-11-22  |y BK  |k AGR